00463nam a2200145 a 450000100100000000500170001000800410002702000180006804000250008608200140011124501020012526000480022730000260027549000160030100004792820201002060819.0181004s2015 dr a 000 spa d a9789945599572 aDO-SdBNPbspacBNPHU axxxbR425 0aReligión formación humana y religiosa 6 :. :bsexto grado, segundo ciclo eduación primaria. aSanto Domingo :bActualidad Escolar,c2015. a136 p. :bil ;c28.5. aSerie Veraz